| 000 | 00415cam a2200169ua 4500 | ||
|---|---|---|---|
| 020 | _cRs 2.00 | ||
| 041 |
_ahin _h |
||
| 082 |
_a891.43 _bJAW/RA |
||
| 100 | _aJawaharlal, Nehru . | ||
| 245 |
_aRashtrapitha / _cJawaharlal Nehru. _hTextual Documents |
||
| 260 |
_aDelhi : _bSastra Sahitya Mandal , _c1962. |
||
| 300 | _a108 ; . | ||
| 365 | _aRs 2.00 | ||
| 504 | _a | ||
| 942 | _cBK | ||
| 999 |
_c2619 _d2619 |
||